000 01037cam a2200217 4500
001 WB3918-07
008 030515n2003 000 0 eng u
035 _a(Sirsi) u122273
245 _aEU energy tax framework agreed
260 _c2003
490 _aEnvironment Information Bulletin
_v(129) May 2003, 1(1)
520 _aSix years after the initial proposal the, terms of an EU energy taxation directive have finally been agreed. The directive will come into force on 1 January 2004 and will expand the minimum rate system to include products such as coal, gas and electricity, as well as updating the minimum rates for minerals oils. However, the European Environmental Bureau warns the directive is so watered down it will have little impact on energy prices and consumption.
590 _aWB
650 _aENERGY TAXATION
650 _aEC DIRECTIVES
650 _aEUROPE
650 _aENERGY CONSUMPTION
650 _aDRAFT ENERGY TAXATION DIRECTIVE
690 _aENVIRONMENTAL AND LAND CONSULTANCY-ENERGY
942 _n0
999 _c72671
_d72671